Project management the managerial process / (Record no. 345480)

000 -LEADER
fixed length control field 00664 a2200181 4500
020 ## - INTERNATIONAL STANDARD BOOK NUMBER
International Standard Book Number 007123425X
020 ## - INTERNATIONAL STANDARD BOOK NUMBER
International Standard Book Number 9780071234252
090 ## - LOCALLY ASSIGNED LC-TYPE CALL NUMBER (OCLC); LOCAL CALL NUMBER (RLIN)
-- 2990
-- 2990
100 1# - MAIN ENTRY--PERSONAL NAME
Personal name Gray, Erik W. Larson Clifford F.
245 10 - TITLE STATEMENT
Title Project management the managerial process /
Statement of responsibility, etc. Erik W. Larson Clifford F. Gray.
250 ## - EDITION STATEMENT
Edition statement 2nd ed.
260 ## - PUBLICATION, DISTRIBUTION, ETC.
Place of publication, distribution, etc. [S.l.] :
Name of publisher, distributor, etc. The McGraw-Hill Companies, Inc.,
Date of publication, distribution, etc. 2003.
300 ## - PHYSICAL DESCRIPTION
Extent 574 p. ;
Dimensions 26 cm.
500 ## - GENERAL NOTE
General note Paperback.
856 40 - ELECTRONIC LOCATION AND ACCESS
Materials specified Amazon.com
Uniform Resource Identifier <a href="http://www.amazon.com/exec/obidos/ASIN/007123425X/chopaconline-20">http://www.amazon.com/exec/obidos/ASIN/007123425X/chopaconline-20</a>
856 40 - ELECTRONIC LOCATION AND ACCESS
Materials specified Amazon customer reviews
Uniform Resource Identifier <a href="http://www.chopac.org/cgi-bin/tools/azrev.pl?q=007123425X">http://www.chopac.org/cgi-bin/tools/azrev.pl?q=007123425X</a>
942 ## - ADDED ENTRY ELEMENTS (KOHA)
Institution code [OBSOLETE] NBS
Koha item type Book
Call number prefix 658.404 GRA
Holdings
Withdrawn status Lost status Damaged status Not for loan Permanent Location Current Location Date acquired Total Checkouts Full call number Barcode Date last seen Date last checked out Price effective from Koha item type
        Central Library (CL) Central Library (CL) 08/28/2013 1 658.404 GRA NBS5526 05/13/2025 02/09/2016 08/28/2013 Book
        Central Library (CL) Central Library (CL) 08/28/2013 3 658.404 GRA NBS5945 05/13/2025 04/13/2016 08/28/2013 Book
© 2023 Central Library, National University of Sciences and Technology. All Rights Reserved.